| 000 | 00698nam a2200217Ia 4500 | ||
|---|---|---|---|
| 003 | GCL | ||
| 005 | 20240530103358.0 | ||
| 008 | 140319s9999 xx 000 0 ara d | ||
| 040 |
_aGCL / _cGCL |
||
| 082 | 0 | 4 |
_a920.71 _bع م |
| 100 | 1 | _aعمر رضا كحالة | |
| 245 | 1 | 0 |
_aمعجم قبائل العرب القديمة والحديثة / _cعمر رضا كحالة |
| 250 | _aالسادسة | ||
| 260 |
_aبيروت : _bمؤسسة الرسالة ، _c1991 |
||
| 300 |
_a ؛ _c24 سم |
||
| 650 | 0 | 4 | _aالقبائل العربية |
| 650 | 0 | 4 | _aالبدو |
| 650 | 0 | 4 | _aالعشائر العربية |
| 650 | 0 | 4 | _aشبه الجزيرة العربية - تاريخ |
| 942 |
_2ddc _cBK |
||
| 999 |
_c38934 _d38934 |
||